000
00310nam a22001457a 4500
008
221222b ||||| |||| 00| 0 eng d
020
_a
0029119502
041
_a
eng
080
_a
61
082
_a
61GOL
100
_a
4
101
_a
MJEKSI
245
_a
HANDBOOK OF STRESS
_c
GOLDBERGER L
942
_2
udc
_c
BK
999
_c
59224
_d
59224